000 00563nam a22001817a 4500
005 20251108175352.0
008 250721s2012 xx 000 0 ara d
082 1 4 _a303.64/تقد
100 1 _aعبد الكريم، ابراهيم
245 1 0 _aتقدير موقف الثورات العربية /
264 1 _aعمان :
_bمركز دراسات الشرق الاوسط،
_c2012.
300 _a97 ص.
650 1 7 _aالثورات
650 1 7 _aالحرب الأهلية
650 1 7 _aالبلدان العربية
942 _2ddc
_cBK
999 _c132519
_d132519